Nghiên cứu xử lý nước thải nhà máy chế biến bột cá bằng phương pháp kị khí và hiếu khí Luận văn tốt nghiệp đại học ngành Kỹ thuật môi trường
Nghiên cứu xử lý nước thải nhà máy chế biến bột cá bằng phương pháp kị khí và hiếu khí tại công ty thủy sản Tây Long và công ty cổ phần thủy sản MêKông
Sparad:
| Huvudupphovsman: | |
|---|---|
| Materialtyp: | Bok |
| Språk: | Undetermined |
| Publicerad: |
Cần Thơ
Trường Đại học Cần Thơ
2012
|
| Ämnen: | |
| Taggar: |
Lägg till en tagg
Inga taggar, Lägg till första taggen!
|
| Thư viện lưu trữ: | Trung tâm Học liệu Trường Đại học Cần Thơ |
|---|
| LEADER | 01204nam a2200217Ia 4500 | ||
|---|---|---|---|
| 001 | CTU_178619 | ||
| 008 | 210402s9999 xx 000 0 und d | ||
| 082 | |a 628.4 | ||
| 082 | |b Đ305 | ||
| 088 | |a 1087330 , 1080791 | ||
| 100 | |a Nguyễn, Phúc Điền | ||
| 245 | 0 | |a Nghiên cứu xử lý nước thải nhà máy chế biến bột cá bằng phương pháp kị khí và hiếu khí | |
| 245 | 0 | |b Luận văn tốt nghiệp đại học ngành Kỹ thuật môi trường | |
| 245 | 0 | |c Nguyễn Phúc Điền, Nguyễn Thanh Hải ; Nguyễn Thị Thu Vân, Huỳnh Long Toản (Giáo viên hướng dẫn) | |
| 260 | |a Cần Thơ | ||
| 260 | |b Trường Đại học Cần Thơ | ||
| 260 | |c 2012 | ||
| 520 | |a Nghiên cứu xử lý nước thải nhà máy chế biến bột cá bằng phương pháp kị khí và hiếu khí tại công ty thủy sản Tây Long và công ty cổ phần thủy sản MêKông | ||
| 650 | |a Wastewaters,Environmental protection,Xử lý nước thải | ||
| 910 | |a Nguyên | ||
| 980 | |a Trung tâm Học liệu Trường Đại học Cần Thơ | ||